00346nam a2200133Ia 4500003000400000008004100004040001600045082002700061245004400088260002800132490000500160650001900165650002800184GCL140319s9999 xx 000 0 ara d aGCL / cGCL04aكاسيتb415bت ا10aاقوى برنامج فى العالم a[S.N] : bلا يوجد a04aالاغانى04aشرائط كاسيت